00378nam a2200157Ia 4500001000500000005001700005008004100022041000800063082001500071100003200086245004900118260000900167300002800176650000800204654000800212341520260306145641.0260306t2001||||xx |||||||||||||| ||spa|| aESP a272.7bC24 aCampenhausen, Hans voneAUT 0aLos padres de la iglesia II:bpadres latinos c2001 a405 páginas :c20 cm. aGEN aCHU